000 00517nam a2200217Ia 4500
008 101110s9999 xx 000 0 und d
041 _aENGLISH
082 _bJR5075
100 _aPatil P.K., Pendharkar A.R.
245 _aPhysics Std, XI Sci.
260 _c2006
_bPhadke Prakashan, Kolhapur
300 _a318
365 _b60
520 _aPhysics
546 _aENGLISH
630 _aPhysics Std, XI Sci.
650 _aPhysics
655 _aPhysics
730 _aPhysics Std, XI Sci.
942 _cBOOK
999 _c795880
_d795877